000 00720nam a2200181Ia 4500
008 090122s9999 xx 000 0 und d
082 _b13121
_a891.4681
100 _aपेंडसे
_bमाधव
_cवा
245 _aनचिकेता - एक गीतत काव्य
260 _bसत्यजय
_c1997
300 _a27
501 _aदेणगी - डॉ ़बेडेकर - प्राच्य विद्या अभ्यास संस्था
600 _aपेंडसे
630 _aनचिकेता - एक गीतत काव्य
700 _aपेंडसे
730 _aनचिकेता - एक गीतत काव्य
942 _cBOOK
999 _c37198
_d37198